| 000 | 01290nam a2200229Ia 4500 | ||
|---|---|---|---|
| 003 | Ost | ||
| 005 | 20260507075705.0 | ||
| 008 | 260507s9999||||xx |||||||||||||| ||und|| | ||
| 020 | _a9789947331408 | ||
| 040 | _cfsecg | ||
| 041 | _aara | ||
| 082 | _a658.15 | ||
| 100 |
_aبومدين، يوسف _eمؤلف |
||
| 245 | 0 |
_aتيسير التسيير المالي للمؤسسة / _c يوسف بومدين |
|
| 260 |
_aالجزائر: _bدار بلقيس, _c2016 |
||
| 300 |
_a141 صفحة؛ _bجداول _c24 سم |
||
| 504 | _aمراجع ص.142 | ||
| 520 | _aطرح لنا هذا الكتاب الميزانية المالية وفقا للمعايير الدولية للمحاسبة،وتحليلها باستخدام مؤشرات التوازن المالي،مع قياس الأداء باستخدام حسابات النتائج و النسب المالية مع تيسير الخزينة باستعمال جدول التدفقات، بالاضافة إلى جدول التمويل والاستثمار، وتيسير احتياجات رأس المال العامل المعياري، وأخيرا التقييم المالي للمشاريع الاستثمارية. | ||
| 653 | _aالإدارة المالية | ||
| 653 | _aالمالية العامة | ||
| 942 | _cكتاب | ||
| 999 |
_c45866 _d45866 |
||